[Event "EICC 2017"]
[Site "Minsk"]
[Date "2017.06.08"]
[Round "9"]
[White "Bluebaum, Matthias"]
[Black "Alonso Rosell, Alvar"]
[Result "1-0"]
[WhiteElo "2632"]
[BlackElo "2516"]
[Annotator "TA"]
[PlyCount "75"]
[EventDate "2017.??.??"]
[EventCountry "BLR"]
[SourceTitle "playchess.com"]
[Source "ChessBase"]
[SourceQuality "1"]

{[%evp 21,75,22,17,30,27,23,35,12,30,30,29,10,24,28,28,29,63,57,62,54,198,187,197,200,162,162,292,306,304,275,300,305,277,280,293,262,375,362,477,436,464,439,427,427,408,392,726,708,978,960,2167,2044,1806,1631,29970,29965]} 1. d4 d5 2. c4 dxc4 3. e4 {[%cal Be2e4,Be4e5][%mdl 32]} Nf6 4. e5 Nd5 5. Bxc4 Nb6 6. Bd3 Nc6 7. Be3 Nb4 8. Be4 f5 {D20: Queen's Gambit Accepted: 3 e3 and 3 e4} 9. a3 (9. exf6 exf6 10. Nc3 f5 11. Bf3 N4d5 12. Bd2 Be6 13. Nh3 Be7 14. O-O O-O 15. Re1 Bf7 16. Nf4 Bf6 17. Ne6 Bxe6 18. Rxe6 {½-½ (30) Grandelius,N (2646)-Van Kampen,R (2640) Reading 2017}) 9... N4d5 10. Bf3 Nxe3 11. fxe3 g6 {LiveBook: 3 Games} 12. Ne2 Bh6 13. Qb3 c6 14. Kf2 $146 ({Predecessor:} 14. Nd2 Nd5 15. Bxd5 Qxd5 16. Qxd5 cxd5 {½-½ (52) Salomon,J (2419)-Christiansen,J (2409) Oslo 2015}) 14... a5 15. a4 e6 16. Nbc3 O-O 17. h4 Ra6 18. g3 $36 {[%cal Bg2g3,Bg3f4][%mdl 2080] White is more active.} Qe7 19. Nf4 {aiming for Be2.} Qb4 20. Qc2 Bxf4 (20... Re8 $14) 21. gxf4 $18 Nd5 22. Na2 Qe7 {[#]} 23. Rag1 $1 Rf7 (23... Bd7 {might work better.} 24. h5 Be8) 24. h5 Rg7 25. hxg6 Rxg6 26. Rxg6+ hxg6 27. Bxd5 exd5 28. Kf3 Be6 (28... Ra8 {keeps fighting.} 29. Nc1 Qg7) 29. Qg2 Qg7 30. Qg5 {Hoping for Qd8+.} Ra8 31. Rh6 Kf7 32. Qh4 {And now Rh7 would win.} Kg8 33. Nc1 Bf7 $2 (33... b6 34. Nd3 Re8) 34. Nd3 b6 35. e6 Be8 36. Ne5 Ra7 {[#]} 37. Nf7 $1 {[%mdl 512]} Bxf7 38. Qd8+ {Precision: White = 89%, Black = 33%.} 1-0

[Event "EICC 2017"]
[Site "Minsk"]
[Date "2017.06.08"]
[Round "9"]
[White "Yilmaz, Mustafa"]
[Black "Ponomariov, Ruslan"]
[Result "1/2-1/2"]
[WhiteElo "2630"]
[BlackElo "2712"]
[Annotator "TA"]
[PlyCount "47"]
[EventDate "2017.??.??"]
[EventCountry "BLR"]
[SourceTitle "playchess.com"]
[Source "ChessBase"]
[SourceQuality "1"]

{[%evp 21,31,8,0,5,13,13,6,0,6,0,4,6]} 1. d4 Nf6 2. c4 e6 3. Nf3 b6 4. g3 Bb4+ 5. Bd2 Be7 6. Bg2 c6 7. O-O d5 {E15: Queen's Indian: 4 g3 sidelines, 4 g3 Ba6 and 4 g3 Bb7 early deviations} 8. Qc2 Nbd7 9. Rd1 Bb7 10. Bf4 Rc8 11. Nc3 dxc4 {LiveBook: 3 Games. The position is equal.} 12. Nd2 Nd5 13. Nxc4 Nxf4 14. gxf4 O-O 15. Rac1 Nf6 16. e3 {[#]} {Predecessor:} Nd5 $146 17. Qa4 b5 18. Qxa7 bxc4 19. Qxb7 Nb4 20. a3 Rb8 21. Qa7 Ra8 22. Qb7 Rb8 23. Qa7 Ra8 24. Qb7 {½-½ (24) Marin,M (2556)-Gurevich,M (2634) Mondariz 2002} 1/2-1/2

[Event "EICC 2017"]
[Site "Minsk"]
[Date "2017.06.08"]
[Round "9"]
[White "Kovalev, Vladislav"]
[Black "Steinberg, Nitzan"]
[Result "0-1"]
[WhiteElo "2629"]
[BlackElo "2532"]
[Annotator "TA"]
[PlyCount "108"]
[EventDate "2017.??.??"]
[EventCountry "BLR"]
[SourceTitle "playchess.com"]
[Source "ChessBase"]
[SourceQuality "1"]

{[%evp 18,108,23,28,50,37,57,65,79,56,73,69,95,95,105,47,91,81,74,79,81,76,145,126,143,131,134,142,138,141,117,118,169,156,161,169,172,163,190,192,195,194,195,197,187,185,225,187,177,128,95,81,96,21,60,54,71,28,22,30,123,55,83,-31,-28,-36,-36,-78,-73,-52,-78,-91,-77,-176,-169,-385,-377,-1815,-1076,-1904,-1015,-1169,-847,-29978,-29978,-29992,-29991,-29991,-29988,-29988,-29989,-29992,-29993]} 1. e4 c5 2. Nf3 d6 3. Bb5+ Nd7 4. O-O a6 5. Bd3 Ngf6 6. Re1 {B51: Sicilian: Moscow Variation (3 Bb5+) without 3...Bd7} e5 (6... e6 7. c3 b5 8. Bc2 c4 9. a4 Bb7 10. d4 cxd3 11. Bxd3 bxa4 12. Qxa4 Be7 13. h3 O-O 14. Be3 Qc7 15. Nbd2 Rfb8 16. Qa5 Bd8 17. Qxc7 Bxc7 18. b4 {½-½ (18) Nakamura,H (2785)-Vachier Lagrave,M (2796) Sharjah 2017}) 7. c3 Be7 8. a4 O-O 9. Bc2 b6 10. d4 {LiveBook: 4 Games} Re8 11. h3 Bf8 12. d5 g6 $146 ({Predecessor:} 12... Bb7) 13. Nbd2 Nh5 14. Nc4 Qf6 15. Bg5 Qg7 16. b4 (16. Be3 $16) 16... Rb8 17. Rb1 cxb4 18. cxb4 h6 19. Be3 Qf6 (19... b5 $142) 20. Bd3 $16 Nf4 {[#]} 21. Bf1 $1 g5 22. g3 Qg6 23. Kh2 Nh5 24. Nfd2 Be7 (24... Nhf6 $16 {is a better defense.}) 25. Rc1 Ng7 26. Bd3 Bd8 27. Qe2 Bb7 28. Rc3 Rf8 29. Rec1 h5 30. g4 Qh6 {intending ...hxg4.} 31. Kg2 Re8 32. f3 Nf8 33. Nxb6 Bxb6 34. Bxb6 {And now Be3 would win.} Bxd5 35. Be3 (35. exd5 $16 Rxb6 36. b5) 35... Ba8 36. Bxa6 {Threatens to win with h4.} Ng6 37. Bc8 Rxb4 38. Bd7 Re7 (38... Rf8 $1 $11 {remains equal.}) 39. Bf5 ({Better is} 39. Rc8+ $16 Kh7 40. Rd8) 39... Bb7 40. a5 (40. Bxg6 $1 $16 fxg6 41. a5) 40... d5 $15 41. Bxg6 d4 42. Rb3 Rxb3 43. Nxb3 {a6 is the strong threat.} hxg4 $1 44. hxg4 {Black must now prevent a6.} dxe3 45. Nc5 (45. Bh5 $17) 45... Qxg6 $19 46. Qb5 $2 (46. Qxe3 Ne6 47. Nxe6 Rxe6 48. Rb1) 46... Qd6 {aiming for ...Qd2+.} 47. Rc2 $2 (47. Qe2 Qd4 48. a6) 47... Rc7 48. Kg3 {[#]} e2 $1 49. Kf2 {[#]} (49. Qxe2 Rxc5) 49... Ba6 $1 {[%mdl 512]} 50. Qb8+ (50. Qxa6 Qxa6) 50... Kh7 {Black mates.} 51. Rc1 Qd4+ 52. Kg3 Rxc5 53. Rh1+ Kg6 54. Qh8 {[#]} e1=Q+ $1 {Precision: White = 42%, Black = 52%.} 0-1

[Event "EICC 2017"]
[Site "Minsk"]
[Date "2017.06.08"]
[Round "9"]
[White "Kobalia, Mikhail"]
[Black "Asadli, Vugar"]
[Result "1-0"]
[WhiteElo "2624"]
[BlackElo "2439"]
[Annotator "TA"]
[PlyCount "128"]
[EventDate "2017.??.??"]
[EventCountry "BLR"]
[SourceTitle "playchess.com"]
[Source "ChessBase"]
[SourceQuality "1"]

{[%evp 22,128,7,9,10,11,24,11,0,6,8,-18,5,-2,-2,-4,-13,-6,-6,-26,-11,-3,-10,-24,0,0,43,66,66,52,43,24,86,10,15,0,82,82,82,89,89,83,86,85,87,81,72,76,84,70,88,91,87,44,138,125,148,106,223,62,91,92,233,186,186,190,250,259,261,205,326,256,243,183,191,191,209,167,194,170,427,418,405,386,359,327,816,773,760,746,668,603,633,507,12833,12833,12833,12832,12832,12833,12837,12838,12837,12834,12833,6238,12834,12835,1259]} 1. e4 e5 2. Nf3 Nc6 3. Bb5 a6 4. Ba4 Nf6 5. O-O Be7 6. Re1 b5 7. Bb3 O-O 8. a4 b4 9. d4 d6 10. dxe5 dxe5 11. Nbd2 {[%cal Bb1d2,Bd2c4,Bc4e3][%mdl 32] C88: Closed Ruy Lopez: Anti-Marshall Systems} Bc5 12. Qe2 {LiveBook: 22 Games} Qd6 $146 ({Predecessor:} 12... Qe7 13. h3 h6 14. a5 Rd8 15. Bc4 Nd4 16. Nxd4 Bxd4 17. Nb3 Be6 18. Nxd4 Bxc4 {0-1 (70) Wei,Y (2706)-Wojtaszek,R (2750) Wijk aan Zee 2017}) 13. Nc4 {The position is equal.} Qe7 $1 14. Ne3 Nd4 15. Nxd4 Bxd4 16. Qf3 a5 17. Rb1 Ra6 {[%cal Ba8a6,Ba6d6,Bd6d2][%mdl 32]} 18. Nf5 Bxf5 19. Qxf5 Qd7 20. Be3 Bxe3 21. Rxe3 Rd6 22. h3 Re8 23. c3 Rd2 24. cxb4 axb4 25. Qxd7 Nxd7 26. Rc1 (26. Rf3 $5 {[%cal Rb3f7]} Nf6 27. Bc4 $14) 26... c5 (26... Rc8 $1 $11 {remains equal.}) 27. Bc4 (27. Rf3 $16 Rf8 28. a5) 27... Rxb2 $11 28. Bb5 Re7 (28... Rd2 $1 $11 {keeps the balance.}) 29. Rd3 $16 Nf8 30. Rxc5 {Strongly threatening Rd8.} g6 {[#]} 31. Bc4 $1 Kg7 32. Rb3 Rc2 33. Rxb4 {Hoping for a5.} Rd7 34. Rd5 Rc7 35. Bd3 Ra2 36. g3 $36 {[%mdl 2048] White is on the roll.} Nd7 37. Bc4 Rc2 {[#]} (37... Rxc4 $14 38. Rxc4 Ra1+ 39. Kg2 Nb6) 38. Bb5 $1 Nf6 39. Rxe5 Ra2 (39... R7c3 $16) 40. Rb3 $2 ({White should play} 40. Bc4 $18 Rd2 41. Bb3) 40... Rc1+ 41. Kg2 Re1 (41... h5 $16) 42. Rf3 Raa1 {( -> ...Rg1+)} 43. Re3 Rg1+ (43... Rec1 $142 44. Re7 h5) 44. Kf3 $18 h5 45. Rc5 h4 (45... Nh7 {might work better.} 46. Kf4 Nf8) 46. e5 Nh7 47. Kg4 hxg3 48. fxg3 Nf8 49. Rc4 Rgd1 50. Rf3 {Be8 is the strong threat.} Ne6 $2 (50... Nd7 51. Bxd7 Rxd7) 51. Be8 Nd8 52. h4 Re1 53. Rd4 Ne6 $2 (53... Red1) 54. Rxf7+ {White is clearly winning.} Kg8 55. Rd6 Rxe5 56. Rf6 Re4+ 57. Kf3 Ng5+ (57... Nc5 $142 58. Rxg6+ Kf8) 58. hxg5 Rxe8 59. Rxg6+ {[%mdl 4096] Endgame KRR-KRR} Kh7 60. Rh6+ Kg7 61. Rd7+ Kg8 62. Rg6+ Kf8 63. Rf6+ Kg8 64. Ra7 Rae1 {Precision: White = 58%, Black = 44%.} 1-0

[Event "EICC 2017"]
[Site "Minsk"]
[Date "2017.06.08"]
[Round "9"]
[White "Fedorchuk, Sergey A"]
[Black "Ladva, Ottomar"]
[Result "1-0"]
[WhiteElo "2621"]
[BlackElo "2530"]
[Annotator "TA"]
[PlyCount "61"]
[EventDate "2017.??.??"]
[EventCountry "BLR"]
[SourceTitle "playchess.com"]
[Source "ChessBase"]
[SourceQuality "1"]

{[%evp 27,61,0,0,-54,24,0,3,-2,-8,-7,51,48,82,77,58,87,65,77,112,120,81,90,77,76,114,127,375,369,2567,2452,6370,1639,6295,1600,1413,-64]} 1. e4 c5 2. Nf3 e6 3. d4 cxd4 4. Nxd4 Nc6 5. Nc3 Qc7 6. Be2 Nf6 7. O-O Be7 8. Be3 O-O 9. f4 d6 10. a4 a6 11. Kh1 Nxd4 12. Qxd4 Bd7 13. e5 {B85: Sicilian Scheveningen: 6 Be2 a6, lines with early Be3} Ne8 14. a5 Bc6 {LiveBook: 3 Games} 15. Na4 (15. Bg1 $11) 15... f6 $146 ({Black should try} 15... dxe5 $1 $15 16. Qxe5 Bd6) ({Predecessor:} 15... Rd8 16. Qc3 Rc8 17. Nb6 Rd8 18. Bd4 dxe5 19. Bxe5 Bd6 20. Rad1 Bxe5 21. fxe5 {1-0 (45) Kovchan,A (2591)-Miladinovic,L (2186) Heraklion 2015}) 16. Nb6 Rd8 17. exf6 (17. Qc4 $5 {[%cal Rc4e6]}) 17... Nxf6 18. c4 Nd7 (18... Rfe8 $11) 19. Bg4 $14 Nc5 20. Qd1 $36 {[%mdl 2048] And now b4 would win. White is in control.} Bf6 21. b4 Bxa1 22. Qxa1 Ne4 23. Bxe6+ Kh8 24. f5 {[%cal Bf4f5,Bf5e6][%mdl 1056] White has strong compensation.} Rde8 25. Bd4 Nf6 26. Kg1 Be4 $2 {[#]} (26... Qd8 $16) 27. Nd7 $1 $18 {[%mdl 512]} Rxe6 $2 (27... Qd8 28. Nxf8 Rxf8) (27... Nxd7 28. Bxg7#) 28. fxe6 {[%cal Rd4f6] White is clearly winning.} Nxd7 29. Bxg7+ Kg8 30. Bxf8 (30. Bh6 $142 Nf6 31. Bxf8) 30... Nxf8 {[#]} 31. Rxf8+ $1 {[%mdl 33280] Precision: White = 67%, Black = 34%. . Loss on Time!?} 1-0

[Event "EICC 2017"]
[Site "Minsk"]
[Date "2017.06.08"]
[Round "9"]
[White "Popov, Ivan"]
[Black "Naiditsch, Arkadij"]
[Result "1/2-1/2"]
[WhiteElo "2618"]
[BlackElo "2700"]
[Annotator "TA"]
[PlyCount "26"]
[EventDate "2017.??.??"]
[EventCountry "BLR"]
[SourceTitle "playchess.com"]
[Source "ChessBase"]
[SourceQuality "1"]

{[%evp 14,15,20,5]} 1. e4 c5 2. Nf3 d6 3. d4 Nf6 4. dxc5 Nxe4 5. cxd6 Nc6 6. dxe7 {B53: Sicilian: 2...d6: Lines with Qxd4} Qxd1+ 7. Kxd1 Bxe7 8. Be3 {LiveBook: 11 Games} {Predecessor:} Bf5 $146 9. Bd3 O-O-O 10. Ke2 Rhe8 11. Nbd2 Nd6 12. Bxf5+ Nxf5 13. Rhd1 Rd6 {1-0 (57) Zhang,P (2622)-Zvjaginsev,V (2675) Ergun 2006} 1/2-1/2

[Event "EICC 2017"]
[Site "Minsk"]
[Date "2017.06.08"]
[Round "9"]
[White "Kozul, Zdenko"]
[Black "Duda, Jan-Krzysztof"]
[Result "0-1"]
[WhiteElo "2617"]
[BlackElo "2693"]
[Annotator "TA"]
[PlyCount "112"]
[EventDate "2017.??.??"]
[EventCountry "BLR"]
[SourceTitle "playchess.com"]
[Source "ChessBase"]
[SourceQuality "1"]

{[%evp 19,112,18,8,0,14,4,20,0,51,24,48,13,9,6,18,9,18,27,8,14,25,22,27,-25,-30,-22,-23,-22,0,-22,-8,-8,0,0,0,-13,-14,-41,0,-20,23,0,87,0,75,0,101,-8,-8,-9,-21,-8,-19,-88,-49,-132,-132,-132,-132,-131,-61,-70,0,-60,-67,-57,-58,-91,-88,-210,-220,-333,-338,-313,-310,-293,-293,-300,-355,-347,-342,-374,-371,-328,-282,-531,-385,-1069,-1045,-979,-967,-931,-833,-721,-677]} 1. d4 Nf6 2. c4 e6 3. Nf3 b6 4. a3 Ba6 5. Qb3 c5 6. d5 {E12: Queen's Indian: Unusual White 4th moves, 4 a3, 4 Nc3 Bb7 5 a3 and 4 Nc3 Bb7} g6 (6... b5 7. cxb5 Bb7 8. dxe6 fxe6 9. g3 d5 10. Bh3 Qb6 11. O-O Nbd7 12. a4 c4 13. Qc2 Rc8 {1-0 (25) Kovalenko,I (2643)-Bocharov,D (2602) Khanty-Mansiysk 2013}) 7. Nc3 exd5 8. cxd5 Bg7 9. e4 Bxf1 10. Kxf1 d6 $1 {LiveBook: 7 Games} 11. g3 O-O 12. Kg2 a6 $146 ({Predecessor:} 12... Nbd7 13. Re1 a6 {0-1 (36) Dedebas,E (2342)-Bagaturov,G (2428) Izmir 2017}) 13. a4 Ra7 (13... Nbd7 $11) 14. Re1 Nbd7 15. h3 Qb8 16. Bf4 Nh5 17. Be3 Rb7 18. g4 {[%cal Bg3g4,Bg4g5][%mdl 32]} Nhf6 $1 19. Bf4 h5 20. g5 Ne8 {[%cal Bf6e8,Be8d6,Bd6f5,Bf5d4,Bd4f3][%mdl 32]} 21. Bh2 ({White should play} 21. Qc2) 21... Ne5 $11 22. Nxe5 dxe5 23. Qc4 Qd8 24. f4 Nd6 25. Qxa6 Re7 26. f5 $36 {[%mdl 2048] White has some pressure.} gxf5 27. exf5 Nxf5 28. Qc4 Rd7 29. Kh1 Nd4 30. Rg1 Re8 (30... e4 $11) 31. Rg2 (31. Ne4 $1 $16) 31... e4 (31... Rd6 $11) 32. Rf1 (32. d6 $1 $16) 32... Rd6 (32... e3 $11 {keeps the balance.}) 33. Re1 (33. Bxd6 $16 Qxd6 34. Re1) 33... Nf3 34. Rxe4 Nxh2 35. Rxe8+ Qxe8 36. Re2 (36. Ne4 $11 {remains equal.} Qd7 37. Nf6+ (37. Nxd6 Nf3 $17) 37... Bxf6 38. gxf6+ Ng4 39. hxg4 Rxd5 40. gxh5+ Kf8 41. Qg4 Qxg4 42. Rxg4) 36... Qd8 ({Inferior is} 36... Be5 37. Qe4 $14) 37. Kxh2 (37. Qf4 $1 $15) 37... Qxg5 $17 {( -> ...Be5+)} 38. Rg2 Qe5+ 39. Kh1 Kf8 (39... Qe1+ $17 40. Rg1 Qe3) 40. Qa6 Bf6 (40... Qe8 $15 41. Qe2 Qxe2 42. Rxe2 Bxc3 43. bxc3 Rxd5) 41. Qd3 (41. Qf1 $1 $11) 41... Qe1+ $15 42. Rg1 Qh4 $1 43. Rf1 {[#] Black must now prevent Ne4.} Bd4 $1 44. Ne2 (44. b3 $17) 44... Bxb2 $19 45. Qf5 {[#]} (45. Rf4 $142 Qe1+ 46. Ng1) 45... Rf6 $1 {[%cal Rf6f5]} 46. Qc8+ Kg7 47. Rg1+ Rg6 48. Qf5 Rxg1+ 49. Nxg1 Bf6 ({But not} 49... Qxa4 50. Kg2 $19) 50. Kg2 Qg5+ 51. Qxg5+ Bxg5 {KB-KN} 52. Nf3 $2 (52. Kf3 {keeps fighting.} f5 53. Ke2) 52... Bf4 53. Kf1 $2 (53. Ng1) 53... Kf6 {Black is clearly winning.} 54. Ke2 c4 55. h4 Kf5 56. d6 Ke6 {Precision: White = 29%, Black = 56%.} 0-1

[Event "EICC 2017"]
[Site "Minsk"]
[Date "2017.06.08"]
[Round "9"]
[White "Tomczak, Jacek"]
[Black "Bernadskiy, Vitaliy"]
[Result "1-0"]
[WhiteElo "2615"]
[BlackElo "2529"]
[Annotator "TA"]
[PlyCount "157"]
[EventDate "2017.??.??"]
[EventCountry "BLR"]
[SourceTitle "playchess.com"]
[Source "ChessBase"]
[SourceQuality "1"]

{[%evp 17,157,42,54,47,102,87,106,116,128,133,128,125,146,136,134,141,153,132,128,118,133,124,129,62,52,16,91,23,85,87,82,64,65,62,205,194,199,193,152,168,97,157,218,211,183,86,169,0,0,0,0,0,67,49,63,48,58,31,125,52,284,233,269,38,248,190,591,587,577,559,505,115,327,231,234,111,117,109,109,100,112,105,85,48,114,104,125,102,138,107,192,106,91,98,90,93,196,77,698,695,802,758,721,494,732,560,719,713,683,664,592,0,432,0,592,592,584,225,225,0,0,0,0,0,8,8,242,14,770,225,225,225,1138,15,838,588,29982,29982,29983,29984,29982,893]} 1. e4 e6 2. d4 d5 3. Nc3 Bb4 4. e5 c5 5. a3 Bxc3+ 6. bxc3 Qc7 7. Qg4 f5 8. Qh5+ g6 9. Qd1 b6 {LiveBook: 12 Games} 10. h4 {C18: French: 3 Nc3 Bb4: Main line: 7 h4 and 7 Qg4} cxd4 $146 (10... h6 $14) ({Predecessor:} 10... h6 11. Ne2 cxd4 12. cxd4 Ne7 13. Rh3 Ba6 14. Nf4 Kf7 15. Bxa6 Nxa6 16. a4 Nc6 17. Nxg6 {1-0 (17) Vallejo Pons,F (2696)-Valmana Canto,J (2332) Palma de Mallorca 2009}) 11. cxd4 $16 (11. Qxd4 Nc6 $11) 11... h6 12. Rh3 {White is better.} Ne7 13. a4 Ba6 14. Bb5+ Kf7 15. Ne2 Bxb5 16. axb5 a6 17. Rha3 a5 18. Rc3 Qd8 19. Nf4 Nd7 20. g4 (20. Ba3 $16) 20... Rc8 $14 21. Rg3 Rg8 (21... Nf8 $11) 22. Ba3 (22. g5 $16) 22... fxg4 (22... Nf8 $11) 23. Bxe7 $1 $16 (23. Qxg4 $6 Nf5 $11) 23... Kxe7 24. Qxg4 Nf8 25. Raa3 Qc7 (25... Rxc2 $2 26. Rgc3 $18) (25... Qe8 $14) 26. Rac3 Qxc3+ 27. Rxc3 Rxc3 28. Kd2 Rc4 29. c3 g5 (29... Rc7 $16) 30. hxg5 $18 hxg5 31. Nd3 (31. Nh3 $1 $18) 31... Rg6 (31... Rc7 $16 {was called for.}) 32. Qd1 $2 (32. f4 $18) 32... Rc7 $11 33. Qa1 {Strongly threatening Qa3+.} Ke8 34. Qa3 Rf7 ({Better is} 34... Rd7 $11) 35. Qd6 $36 {[%mdl 3072] White has compensation. White is pushing.} Nd7 36. Ke2 Rh6 37. Ne1 a4 (37... g4 $1 $14) 38. Nc2 (38. c4 $1 $16 {[%cal Rc4d5]} dxc4 39. Nf3) 38... Rh2 $2 (38... g4 $14) 39. Qxe6+ $18 Kf8 40. Qd6+ $2 (40. Kd3 $18 {And now Ne3 would win.} Rfxf2 41. Qxd5 (41. Qxd7 Rd2+ 42. Ke3 Rxc2 $16) 41... Nxe5+ 42. Qxe5 Rxc2 43. Qf6+ Kg8 44. Qxb6) 40... Kg7 $2 ({Black should try} 40... Ke8 $1 $14 41. Qe6+ Kf8) 41. Kd3 $1 {aiming for e6.} (41. Qxd5 Nf8) 41... Rfxf2 $2 (41... Nf8 {is tougher.}) 42. Qxd7+ Kh6 {Threatening ...Rd2+.} 43. Qxd5 Rxc2 {[%mdl 4096] Endgame KQ-KRR} 44. Qg8 $2 (44. Qc6+ $18 Kh5 45. e6) 44... Rhd2+ $2 (44... Rb2 $16 {is a better defense.} 45. Qh8+ Kg6) 45. Kc4 Re2 46. e6 (46. Qe6+ $18 {and White stays clearly on top.} Kh5 47. Qh3+ (47. Qxb6 a3 $14) 47... Kg6 48. Kb4) 46... Re3 $16 47. Qh8+ Kg6 48. Qe8+ $1 Kf5 49. e7 Rce2 50. Qd7+ Kf4 (50... Kg6 $1 $14) 51. Qd6+ Kg4 52. Kb4 $1 ({Much weaker is} 52. Qxb6 $6 a3 $11) 52... Rxe7 53. Kxa4 R7e6 (53... R2e6 $16 54. Qb8 Re8) 54. Qd7 (54. Qd8 $1 $18) 54... Kg3 55. d5 {[%cal Bd4d5,Bd5d6,Bd6d7][%mdl 32]} R6e4+ {[#]} 56. Kb3 $1 {Hoping for Qc7+.} Re5 (56... g4 $16 57. Qc7+ Re5) 57. Qc7 (57. d6 $18 {is more deadly.}) 57... Kg2 $2 {[%mdl 8192]} (57... g4 $16 58. c4 (58. Qxb6 Rxd5 59. Qg1+ Kf4 $16) 58... Kh3 59. Qxb6 g3 60. Qh6+ Kg4 61. Qg6+ Kf3 62. Qf6+ Kg4 63. Qg7+ Rg5 64. Qd4+ Kh3) 58. Qxb6 $18 g4 59. d6 Rd2 60. c4 Re1 (60... Kh3 $142 61. Kc3 Rd1) 61. Qc6+ Kh2 {intending ...Rd3+.} 62. d7 {White wants to mate with Qh6+.} Red1 63. Qh6+ Kg2 64. Qc6+ Kh2 $1 65. Qh6+ Kg2 66. c5 Rxd7 67. b6 $2 (67. c6 R7d5 68. Qe6 Rxb5+ 69. Kc4) 67... g3 {[#]} 68. Kc2 $2 (68. c6 $1 $18 {[%cal Rc6d7]} Rb1+ 69. Kc4 Rxb6 70. cxd7 Rxh6 71. d8=Q) 68... R1d5 $1 $11 69. Qe3 {Kc3 is the strong threat.} (69. c6 $5 {[%cal Rc6d7]} R7d6 70. Qxd6 Rxd6 71. c7 Rc6+ 72. Kd2 $11) 69... Kh2 70. Qh6+ Kg1 71. c6 Rc5+ $2 (71... R7d6 $1 $11 {and Black has nothing to worry.} 72. Qe3+ Kh2) 72. Kb2 $2 ({Only move:} 72. Kb3 $18 Rd3+ 73. Kb4) 72... Re7 $2 {[%mdl 8192]} (72... Rdd5 $11) 73. b7 $2 (73. Qd6 Rb5+ 74. Kc2 Re2+ 75. Kd3) 73... Rb5+ $18 74. Kc3 g2 $2 (74... Rbxb7 75. cxb7 Rxb7 76. Qe3+ Kh2) 75. Qd6 $2 ({White has to play} 75. Qc1+ $18 Kh2 76. Qf4+ Kh3 77. Qh6+ Kg4 78. Qh2) 75... Re3+ $2 {[%mdl 8192]} (75... Rbxb7 $11 76. cxb7 Rxb7) 76. Kc4 Kf2 77. Qd2+ {White mates.} Re2 78. Qf4+ Ke1 79. Qc1+ {Precision: White = 47%, Black = 29%.} (79. Qh4+ $142 Kf1 80. Qf6+ Ke1 81. Kxb5 g1=Q 82. b8=Q Re3 83. Qa1+ Ke2 84. Qb2+ Ke1 85. Qa1+ Ke2 86. Qxg1) 1-0

[Event "EICC 2017"]
[Site "Minsk"]
[Date "2017.06.08"]
[Round "9"]
[White "Erdos, Viktor"]
[Black "Mamedov, Rauf"]
[Result "1-0"]
[WhiteElo "2614"]
[BlackElo "2689"]
[Annotator "TA"]
[PlyCount "77"]
[EventDate "2017.??.??"]
[EventCountry "BLR"]
[SourceTitle "playchess.com"]
[Source "ChessBase"]
[SourceQuality "1"]

{[%evp 24,77,25,15,47,25,27,13,10,0,28,35,79,66,72,56,64,62,50,60,49,58,34,53,111,112,123,127,142,142,142,142,142,136,138,136,141,140,145,141,170,154,185,150,157,164,174,181,183,175,170,174,177,162,504,497]} 1. d4 Nf6 2. c4 g6 3. Nc3 Bg7 4. e4 d6 5. Nf3 O-O 6. Be2 e5 7. O-O Nc6 8. d5 Ne7 9. Bg5 h6 10. Bxf6 Bxf6 11. b4 a5 12. a3 {E97: King's Indian: Classical Main Line (6...e5 7 0-0 Nc6): 8 Be3 and 8 d5 Ne7, not 9 Ne1} Bg7 13. c5 {LiveBook: 3 Games} f5 14. Bd3 {White is slightly better.} Kh8 15. Rc1 axb4 $146 ({Predecessor:} 15... fxe4 16. Bxe4 Bf5 17. Nd2 Bxe4 18. Ndxe4 Nf5 19. Qd3 Qd7 {½-½ (61) Berczes,D (2461)-Zhao,N (2284) Acri 2006}) 16. axb4 Bd7 17. Nd2 f4 18. Nb5 Rf6 19. Qb3 g5 20. cxd6 cxd6 21. Nc7 Rc8 22. Ne6 Bxe6 23. dxe6 g4 (23... Nc6 $14) 24. Bb5 $16 Rxc1 25. Rxc1 g3 26. hxg3 fxg3 27. Qxg3 Rxe6 28. Qh3 Rf6 {White should prevent ...Qb6.} 29. Qd7 Qxd7 30. Bxd7 d5 31. Rc7 b6 32. b5 Bf8 33. Kf1 Rd6 34. Bc6 dxe4 35. Nc4 Rd1+ 36. Ke2 Rb1 37. Nxe5 ({Don't do} 37. Bxe4 $6 Rxb5 38. Rd7 Kg7 $16) 37... Rb2+ 38. Ke3 Rb4 $2 {[#]} (38... Kg7 {is a better chance.} 39. Nc4 (39. Kxe4 Rxf2 40. Kd3 Rf5 $18) (39. Bxe4 Rxb5 40. f4 Kf6 $16) 39... Rb4) 39. Rxe7 $1 {[%mdl 512] Precision: White = 61%, Black = 28%.} 1-0